000 01349cam a22003497i 4500
001 21872963
003 OSt
005 20231028152513.0
008 210119e201912 ii 000 1 malo
010 _a 2020327860
020 _a9789353901097
025 _aI-Mal-2020327860; 11
037 _bLibrary of Congress -- New Delhi Overseas Office
040 _aDLC
_beng
_erda
_cDLC
_dDLC
042 _alcode
050 0 0 _aMLCSA 2022/50067 (P)
082 _a894.8123
_bIND/T
100 _aIndugopan, G R
_d1974-
_eauthor.
_98021
245 1 0 _aṬivṅkiḷ Rōsayuṃ pantr̲aṇṭ kāmukanmāruṃ /
_cJi. Ār. Indugōpan = Twinkle Rossayum panthrandu kāmukanmārum / story by G.R. Indugopan.
246 3 1 _aTwinkle Rossayum panthrandu kāmukanmārum
264 1 _aKottayam, Kerala State, India :
_bḌi Si Buks,
_cDecember 2019.
300 _a119 pages ;
_c21 cm
336 _atext
_btxt
_2rdacontent
337 _aunmediated
_bn
_2rdamedia
338 _avolume
_bnc
_2rdacarrier
500 _aNovel.
530 _aAlso available as an e-book.
546 _aIn Malayalam.
906 _a7
_bcbc
_corigode
_d4
_encip
_f20
_gy-gencatlg
942 _2ddc
_cBK
_h894.8123
_iIND/T
_k894.8123
_mIND/T
999 _c42886
_d42886